To pay or Not to pay citizens views on Taxation by local Authorities in Tanzania (Record no. 6998)
[ view plain ]
| 000 -LEADER | |
|---|---|
| fixed length control field | 00445nam a22001337a 4500 |
| 008 - FIXED-LENGTH DATA ELEMENTS--GENERAL INFORMATION | |
| fixed length control field | 200414b ||||| |||| 00| 0 eng d |
| 020 ## - INTERNATIONAL STANDARD BOOK NUMBER | |
| International Standard Book Number | 9987-449-08-5 |
| 100 ## - MAIN ENTRY--PERSONAL NAME | |
| Personal name | FJELDSTAD,Odd-Helge |
| 245 ## - TITLE STATEMENT | |
| Title | To pay or Not to pay citizens views on Taxation by local Authorities in Tanzania |
| Statement of responsibility, etc. | Odd-Helge Freldstad |
| Medium | English |
| 260 ## - PUBLICATION, DISTRIBUTION, ETC. (IMPRINT) | |
| Place of publication, distribution, etc. | Dar Es Salaam |
| Name of publisher, distributor, etc. | Mkuki na Nyota |
| Date of publication, distribution, etc. | 2006 |
| 300 ## - PHYSICAL DESCRIPTION | |
| Extent | xi, 36p. |
| Other physical details | Illustration |
| Dimensions | 18cm |
| 650 ## - SUBJECT ADDED ENTRY--TOPICAL TERM | |
| Source of heading or term | Repoa |
| 942 ## - ADDED ENTRY ELEMENTS (KOHA) | |
| Source of classification or shelving scheme | |
| Koha item type | BOOKS |
| Withdrawn status | Lost status | Source of classification or shelving scheme | Damaged status | Not for loan | Home library | Current library | Date acquired | Total Checkouts | Barcode | Date last seen | Price effective from | Koha item type |
|---|---|---|---|---|---|---|---|---|---|---|---|---|
| Mwanza | Mwanza | 14/04/2020 | 10000002773 | 14/04/2020 | 14/04/2020 | BOOKS |